| 000 | 01053nam a2200277 a 4500 | ||
|---|---|---|---|
| 001 | 45797 | ||
| 003 | BD-RjUL | ||
| 005 | 20211209054053.0 | ||
| 008 | 160728s1966 nyu b 000 0 eng | ||
| 035 | _a(BD-RjUL)45915 | ||
| 040 |
_aDLC _cKEN _dSER _dOCL _dRCD _dBD-RjUL _beng |
||
| 041 | _aeng | ||
| 082 |
_223 _a332.0962 _bKAU 1966 |
||
| 100 | 1 |
_aKardouche, George K. _q(George Khalil), _d1935- _9140079 |
|
| 245 | 1 | 4 |
_aThe U.A.R. in development : _ba study in expansionary finance / _cGeorge K. Kardouche. |
| 260 |
_aNew York : _bFrederick A. Praeger publishers, _c1966 |
||
| 300 |
_axiii, 170 p. _c24 cm. |
||
| 490 | 1 | _aPraeger special studies in international economics and development | |
| 500 | _aBased on the author's thesis, Brown University, 1965. | ||
| 504 | _aBibliography: p. [165-170.] | ||
| 650 | 0 |
_aMonetary policy _zEgypt. _9140080 |
|
| 650 | 0 |
_aBanks and banking _zEgypt. _9140081 |
|
| 651 | 0 |
_aEgypt _xEconomic policy. _9140082 |
|
| 830 | 0 |
_aPraeger special studies in international economics and development. _9140086 |
|
| 942 |
_2ddc _cBK |
||
| 999 |
_c45797 _d45797 |
||